[Event "Speed Chess Q2 Sw"]
[Site "Chess.com INT"]
[Date "2023.08.23"]
[Round "9"]
[White "Haydon, David Leslie"]
[Black "Isajevsky, Anton"]
[Result "0-1"]
[WhiteElo "2230"]
[BlackElo "2404"]
[PlyCount "110"]
[EventDate "2023.08.23"]
[EventType "swiss (blitz)"]
[EventRounds "14"]
[EventCountry "USA"]
[SourceTitle "CBM 215 Extra"]
[Source "ChessBase"]
[SourceDate "2023.09.30"]
[SourceVersion "1"]
[SourceVersionDate "2023.09.30"]
[SourceQuality "1"]

1. d4 d5 2. c4 e6 3. cxd5 exd5 4. Nc3 c6 5. Bf4 Bd6 6. e3 Bxf4 7. exf4 Ne7 8. Nf3 0-0 9. Bd3 Bf5 10. 0-0 Nd7 11. Re1 Bxd3 12. Qxd3 Nc8 13. Re2 Re8 14. Rxe8+ Qxe8 15. Re1 Qd8 16. Qe3 Nd6 17. Qe7 Nf6 18. h3 Nfe4 19. Qxd8+ Rxd8 20. Ne5 f6 21. Nd3 Kf7 22. g4 Re8 23. Ne2 Nd2 24. Kg2 Nb5 25. a4 Nd6 26. f5 Nb3 27. Ndf4 Nxd4 28. Kf1 Nxe2 29. Nxe2 Nc4 30. Rd1 g5 31. b3 Nd6 32. Nd4 Re4 33. Ne6 Rb4 34. Rd3 a5 35. f3 Ke7 36. Ke2 Nf7 37. Re3 Ne5 38. Nxg5 fxg5 39. Rxe5+ Kf7 40. Re3 d4 41. Rd3 Kf6 42. Kd2 Ke5 43. Kc2 c5 44. Rd1 c4 45. Re1+ Kd5 46. f6 cxb3+ 47. Kb2 Rb6 48. f7 Rf6 49. Kxb3 Rxf3+ 50. Kc2 Rxf7 51. Re8 Kc4 52. Rc8+ Kb4 53. Kd3 Kxa4 54. Kxd4 b5 55. Rc7 Rxc7 0-1

[Event "Speed Chess Q2 Sw"]
[Site "Chess.com INT"]
[Date "2023.08.23"]
[Round "10"]
[White "Isajevsky, Anton"]
[Black "Baskakov, Egor"]
[Result "0-1"]
[WhiteElo "2404"]
[BlackElo "2215"]
[PlyCount "48"]
[EventDate "2023.08.23"]
[EventType "swiss (blitz)"]
[EventRounds "14"]
[EventCountry "USA"]
[SourceTitle "CBM 215 Extra"]
[Source "ChessBase"]
[SourceDate "2023.09.30"]
[SourceVersion "1"]
[SourceVersionDate "2023.09.30"]
[SourceQuality "1"]

1. c4 Nf6 2. Nc3 e6 3. Nf3 d5 4. e3 Be7 5. b3 Ne4 6. Bb2 0-0 7. Qc2 f5 8. Be2 c6 9. 0-0 Bd7 10. Nxe4 fxe4 11. Ne5 Be8 12. d3 exd3 13. Bxd3 h6 14. Rad1 Nd7 15. Nxd7 Qxd7 16. e4 Bh5 17. f3 d4 18. e5 c5 19. Bc1 Qd8 20. Rde1 Bh4 21. g3 Bxf3 22. Rxf3 Rxf3 23. Be4 Bxg3 24. Bxf3 Bxe1 0-1

[Event "Speed Chess Q2 Sw"]
[Site "Chess.com INT"]
[Date "2023.08.23"]
[Round "12"]
[White "Isajevsky, Anton"]
[Black "Reprintsev, Alexander"]
[Result "0-1"]
[WhiteElo "2404"]
[BlackElo "2225"]
[PlyCount "70"]
[EventDate "2023.08.23"]
[EventType "swiss (blitz)"]
[EventRounds "14"]
[EventCountry "USA"]
[SourceTitle "CBM 215 Extra"]
[Source "ChessBase"]
[SourceDate "2023.09.30"]
[SourceVersion "1"]
[SourceVersionDate "2023.09.30"]
[SourceQuality "1"]

1. Nf3 d5 2. g3 Nc6 3. c4 dxc4 4. Bg2 Bg4 5. Qa4 Qd7 6. Qxc4 Bxf3 7. Bxf3 Ne5 8. Qb3 Nxf3+ 9. Qxf3 c6 10. b3 Qd5 11. Qxd5 cxd5 12. Nc3 e6 13. Bb2 a6 14. Rc1 Nf6 15. d4 Bb4 16. f3 Rc8 17. Kd2 Kd7 18. Kd3 Rc6 19. Na4 Rhc8 20. a3 Bd6 21. Rxc6 Rxc6 22. Rc1 Rxc1 23. Bxc1 Kc6 24. Nc3 Nd7 25. e4 dxe4+ 26. fxe4 g6 27. e5 Be7 28. a4 Nb6 29. Ne4 Nd5 30. Bg5 Bf8 31. g4 b5 32. axb5+ Kxb5 33. h4 Kb4 34. Nd6 Bxd6 35. exd6 Nb6 0-1

[Event "Speed Chess Q2 Sw"]
[Site "Chess.com INT"]
[Date "2023.08.23"]
[Round "1"]
[White "Isajevsky, Anton"]
[Black "Tabatabaei, Mohammad Amin"]
[Result "0-1"]
[WhiteElo "2404"]
[BlackElo "2696"]
[PlyCount "86"]
[EventDate "2023.08.23"]
[EventType "swiss (blitz)"]
[EventRounds "14"]
[EventCountry "USA"]
[SourceTitle "CBM 215 Extra"]
[Source "ChessBase"]
[SourceDate "2023.09.30"]
[SourceVersion "1"]
[SourceVersionDate "2023.09.30"]
[SourceQuality "1"]

1. c4 e5 2. Nc3 Nc6 3. Nf3 g6 4. g3 Bg7 5. Bg2 d6 6. 0-0 Nge7 7. Rb1 a5 8. d3 0-0 9. a3 Nd4 10. Nd2 Ne6 11. b4 axb4 12. axb4 e4 13. Bb2 exd3 14. exd3 h5 15. Nf3 Nf5 16. Ne2 Bxb2 17. Rxb2 Qf6 18. d4 Re8 19. Rd2 h4 20. g4 Nfg7 21. h3 Bd7 22. d5 Ng5 23. Ned4 Ne4 24. Rd3 c5 25. dxc6 bxc6 26. b5 cxb5 27. Nxb5 Bxb5 28. cxb5 Rab8 29. Nd4 Nc5 30. Rd2 Nge6 31. Nxe6 Rxe6 32. Bc6 Kg7 33. Re1 Rxe1+ 34. Qxe1 Qc3 35. Qe3 Qc1+ 36. Kg2 Rd8 37. Qd4+ Kg8 38. Re2 Ne6 39. Qe3 Nf4+ 40. Kh2 Nxe2 41. Qxe2 Qf4+ 42. Kg2 Qe5 43. Qd3 Qc5 0-1

[Event "Speed Chess Q2 Sw"]
[Site "Chess.com INT"]
[Date "2023.08.23"]
[Round "2"]
[White "Senft, Sean"]
[Black "Isajevsky, Anton"]
[Result "1/2-1/2"]
[WhiteElo "2146"]
[BlackElo "2404"]
[PlyCount "147"]
[EventDate "2023.08.23"]
[EventType "swiss (blitz)"]
[EventRounds "14"]
[EventCountry "USA"]
[SourceTitle "CBM 215 Extra"]
[Source "ChessBase"]
[SourceDate "2023.09.30"]
[SourceVersion "1"]
[SourceVersionDate "2023.09.30"]
[SourceQuality "1"]

1. d4 d5 2. c4 e6 3. Nc3 Be7 4. cxd5 exd5 5. Nf3 c6 6. Bf4 Bf5 7. e3 Nd7 8. Bd3 Bxd3 9. Qxd3 Ngf6 10. 0-0 0-0 11. Ne5 Re8 12. Rab1 a5 13. h3 Nxe5 14. Bxe5 Nd7 15. Bg3 Nb6 16. b3 Bd6 17. Bxd6 Qxd6 18. Na4 Nd7 19. Rfc1 Re7 20. Nc5 Nf6 21. Rc2 g6 22. Rbc1 Ne8 23. Na4 Qd8 24. Rc5 Nd6 25. R5c2 Kg7 26. Nc3 h5 27. Ne2 h4 28. Kh1 Ne4 29. Ng1 g5 30. Nf3 Re6 31. Ne5 f6 32. Ng4 Qd6 33. Kg1 Rae8 34. Rf1 Qe7 35. Qd1 Nd6 36. Qe1 Qd8 37. f4 Ne4 38. f5 Rd6 39. Qd1 Qb6 40. Re1 Rd7 41. Nf2 Ng3 42. Nh1 Nxh1 43. Qh5 Rf7 44. Qg6+ Kf8 45. Kxh1 Re4 46. Qh6+ Ke7 47. Qh8 Qd8 48. Qh5 Kd6 49. Rc5 Rfe7 50. Qf3 Qe8 51. Rc3 Kc7 52. a3 Kb8 53. b4 axb4 54. axb4 Qd8 55. Ra3 Qb6 56. Rea1 Kc7 57. Qh5 Qxb4 58. Qh8 Rxe3 59. Rxe3 Rxe3 60. Qxf6 Re1+ 61. Rxe1 Qxe1+ 62. Kh2 Qg3+ 63. Kg1 Qe3+ 64. Kh1 Qc1+ 65. Kh2 Qf4+ 66. Kg1 Qe3+ 67. Kf1 Qf4+ 68. Ke2 Qe4+ 69. Kf2 Qf4+ 70. Ke2 Qe4+ 71. Kd1 Qd3+ 72. Ke1 Qe3+ 73. Kf1 Qf4+ 74. Ke2 1/2-1/2

[Event "Titled Tuesday intern op 15th Aug Late"]
[Site "Chess.com INT"]
[Date "2023.08.15"]
[Round "9"]
[White "Gurevich, Dmitry"]
[Black "Isajevsky, Anton"]
[Result "0-1"]
[WhiteElo "2371"]
[BlackElo "2404"]
[PlyCount "34"]
[EventDate "2023.08.15"]
[EventType "swiss (blitz)"]
[EventRounds "11"]
[EventCountry "USA"]
[SourceTitle "EXT 2024"]
[Source "ChessBase"]
[SourceDate "2023.10.10"]
[SourceVersion "1"]
[SourceVersionDate "2023.10.10"]
[SourceQuality "1"]

1. d4 d5 2. c4 e6 3. Nf3 Nf6 4. e3 Be7 5. Nc3 0-0 6. b3 b6 7. Bd3 Bb7 8. 0-0 Nbd7 9. cxd5 exd5 10. Bb2 a6 11. Rc1 Bd6 12. Ne2 Re8 13. Ng3 g6 14. Rc2 Ng4 15. Re1 Ndf6 16. h3 Nxe3 17. Rce2 Nxd1 0-1

[Event "Titled Tuesday intern op 15th Aug Late"]
[Site "Chess.com INT"]
[Date "2023.08.15"]
[Round "6"]
[White "Harriott, Tyrell"]
[Black "Isajevsky, Anton"]
[Result "1-0"]
[WhiteElo "1778"]
[BlackElo "2404"]
[PlyCount "105"]
[EventDate "2023.08.15"]
[EventType "swiss (blitz)"]
[EventRounds "11"]
[EventCountry "USA"]
[SourceTitle "EXT 2024"]
[Source "ChessBase"]
[SourceDate "2023.10.10"]
[SourceVersion "1"]
[SourceVersionDate "2023.10.10"]
[SourceQuality "1"]

1. d4 d5 2. e3 Nf6 3. Bd3 c5 4. c3 Nc6 5. f4 Bg4 6. Ne2 e6 7. Nd2 Bd6 8. 0-0 Qc7 9. Nf3 Bf5 10. Ne5 0-0 11. Ng3 Bxd3 12. Qxd3 Ne7 13. Bd2 Ne8 14. Qe2 f6 15. Nd3 c4 16. Nf2 f5 17. Ngh1 Nf6 18. g4 b5 19. a3 a5 20. Qf3 Ne4 21. Be1 Rab8 22. Ng3 b4 23. axb4 axb4 24. gxf5 exf5 25. Nfxe4 dxe4 26. Qh5 g6 27. Qh3 Nd5 28. Ne2 b3 29. Kh1 Ra8 30. Rb1 Ra2 31. Rg1 Ba3 32. Ng3 Bxb2 33. Nxf5 Bxc3 34. Nh6+ Kg7 35. Nf5+ Kg8 36. Ng3 Bxe1 37. Rbxe1 Qe7 38. f5 g5 39. Qg4 Kh8 40. Nxe4 Rf2 41. Ng3 Nf6 42. Qh3 g4 43. Qh6 c3 44. e4 c2 45. Qe3 Rf3 46. Qc1 Rc8 47. Qb2 Qg7 48. e5 Nd5 49. f6 Qg6 50. e6 Rfc3 51. e7 Nxf6 52. Rgf1 Ne8 53. d5 1-0

[Event "Titled Tuesday intern op 15th Aug Late"]
[Site "Chess.com INT"]
[Date "2023.08.15"]
[Round "7"]
[White "Isajevsky, Anton"]
[Black "Bazilius, Augustinas"]
[Result "1/2-1/2"]
[WhiteElo "2404"]
[BlackElo "2052"]
[PlyCount "91"]
[EventDate "2023.08.15"]
[EventType "swiss (blitz)"]
[EventRounds "11"]
[EventCountry "USA"]
[SourceTitle "EXT 2024"]
[Source "ChessBase"]
[SourceDate "2023.10.10"]
[SourceVersion "1"]
[SourceVersionDate "2023.10.10"]
[SourceQuality "1"]

1. c4 Nf6 2. Nc3 c5 3. Nf3 d5 4. cxd5 Nxd5 5. g3 Nc6 6. Bg2 Nc7 7. Qa4 f6 8. d4 Bd7 9. dxc5 e5 10. 0-0 Bxc5 11. Rd1 Qe7 12. Ne4 0-0-0 13. Nxc5 Qxc5 14. Be3 Qb5 15. Qxb5 Nxb5 16. Rac1 Kb8 17. a4 Nc7 18. Nd2 Ne6 19. Kf1 Ned4 20. Bxd4 Nxd4 21. e3 Ne6 22. b3 Rc8 23. Nc4 Bc6 24. Bh3 Rce8 25. Rd6 Ng5 26. Bd7 Bxd7 27. Rxd7 Rd8 28. Rcd1 Kc8 29. R7d6 Kc7 30. Ke2 Ne4 31. Rxd8 Rxd8 32. Rc1 Kd7 33. b4 Ke6 34. f3 Nd6 35. Rd1 Rd7 36. Nxd6 Rxd6 37. Rxd6+ Kxd6 38. Kd3 Kd5 39. e4+ Kd6 40. Kc4 Kc6 41. h4 g5 42. h5 b6 43. b5+ Kd6 44. g4 Ke6 45. Kb4 Kd6 46. Kc4 1/2-1/2

[Event "Titled Tuesday intern op 15th Aug Late"]
[Site "Chess.com INT"]
[Date "2023.08.15"]
[Round "4"]
[White "Polaczek, Richard"]
[Black "Isajevsky, Anton"]
[Result "0-1"]
[WhiteElo "2302"]
[BlackElo "2404"]
[PlyCount "88"]
[EventDate "2023.08.15"]
[EventType "swiss (blitz)"]
[EventRounds "11"]
[EventCountry "USA"]
[SourceTitle "EXT 2024"]
[Source "ChessBase"]
[SourceDate "2023.10.10"]
[SourceVersion "1"]
[SourceVersionDate "2023.10.10"]
[SourceQuality "1"]

1. d4 Nf6 2. c4 e6 3. Nc3 d5 4. cxd5 exd5 5. Bg5 c6 6. Qc2 Be7 7. e3 Nbd7 8. Bd3 Nf8 9. Nge2 Ne6 10. Bh4 g6 11. 0-0 0-0 12. f3 b5 13. Rad1 Bb7 14. h3 Rc8 15. Bf2 b4 16. Na4 c5 17. dxc5 Nxc5 18. Nxc5 Bxc5 19. Qd2 Qb6 20. Nd4 Rfe8 21. Bc2 Nd7 22. Ba4 Re7 23. Bh4 Ne5 24. Bxe7 Bxe7 25. b3 Ba6 26. Rc1 Rc3 27. Rxc3 bxc3 28. Qxc3 Bb4 29. Qc2 Bxf1 30. Kxf1 Bc5 31. f4 Bxd4 32. exd4 Qa6+ 33. Kf2 Nd3+ 34. Ke3 Nb4 35. Qc5 Qd3+ 36. Kf2 Qd2+ 37. Kg3 Nd3 38. Qc8+ Kg7 39. Qc7 Qf2+ 40. Kh2 Ne1 41. Qe5+ f6 42. Qe7+ Kh6 43. Qf8+ Kh5 44. Qg7 Qxg2# 0-1

[Event "Titled Tuesday intern op 15th Aug Late"]
[Site "Chess.com INT"]
[Date "2023.08.15"]
[Round "11"]
[White "Yanchenko, Roman"]
[Black "Isajevsky, Anton"]
[Result "1-0"]
[WhiteElo "2466"]
[BlackElo "2404"]
[PlyCount "115"]
[EventDate "2023.08.15"]
[EventType "swiss (blitz)"]
[EventRounds "11"]
[EventCountry "USA"]
[SourceTitle "EXT 2024"]
[Source "ChessBase"]
[SourceDate "2023.10.10"]
[SourceVersion "1"]
[SourceVersionDate "2023.10.10"]
[SourceQuality "1"]

1. d4 d5 2. Nf3 Nf6 3. c4 e6 4. Nc3 Be7 5. Bg5 h6 6. Bh4 0-0 7. e3 b6 8. cxd5 Nxd5 9. Bxe7 Qxe7 10. Rc1 Nxc3 11. Rxc3 Bb7 12. Be2 Rc8 13. Qc2 c5 14. dxc5 Rxc5 15. Rxc5 Qxc5 16. Qxc5 bxc5 17. 0-0 Nd7 18. Rc1 Rc8 19. Nd2 Kf8 20. Bb5 Bc6 21. Ba6 Rc7 22. Nb3 Bd5 23. Na5 Ke7 24. f3 f5 25. Kf2 g5 26. Be2 Nb6 27. b3 Kd6 28. Rd1 Ke5 29. Rc1 Kd6 30. g3 h5 31. Bd3 Ke5 32. f4+ Kf6 33. h4 gxh4 34. gxh4 Rg7 35. Bf1 Rc7 36. Be2 Rg7 37. Bf1 Rc7 38. Rc3 Nd7 39. Be2 Kg6 40. Rc1 Nf6 41. Rg1+ Ng4+ 42. Ke1 Kf6 43. Bxg4 fxg4 44. Kf2 Kf5 45. Rc1 e5 46. fxe5 Kxe5 47. Nc4+ Bxc4 48. Rxc4 Rf7+ 49. Kg2 Kd5 50. e4+ Kd6 51. b4 cxb4 52. Rxb4 Ke5 53. Ra4 Kf4 54. Ra5 Kxe4 55. Rxh5 Rb7 56. Ra5 Kf4 57. Ra4+ Kf5 58. Kg3 1-0

[Event "Issykkul op"]
[Site "Korumdu"]
[Date "2023.07.14"]
[Round "5"]
[White "Aradhya, Garg"]
[Black "Isajevsky, Anton"]
[Result "1/2-1/2"]
[WhiteElo "2339"]
[BlackElo "2403"]
[PlyCount "91"]
[EventDate "2023.07.12"]
[EventType "swiss"]
[EventRounds "10"]
[EventCountry "KGZ"]
[SourceTitle "CBM 215 Extra"]
[Source "ChessBase"]
[SourceDate "2023.09.30"]
[SourceVersion "1"]
[SourceVersionDate "2023.09.30"]
[SourceQuality "1"]

1. d4 Nf6 2. c4 e6 3. Nc3 d5 4. Bg5 Nbd7 5. e3 c6 6. cxd5 exd5 7. Bd3 Be7 8. Bf4 Nb6 9. Nf3 Bg4 10. Qb3 Nh5 11. Be5 f6 12. Bg3 Qd7 13. a4 Be6 14. Nd2 Nc8 15. a5 Kf7 16. Na4 g6 17. Qc3 b6 18. 0-0 Nxg3 19. hxg3 b5 20. Nc5 Bxc5 21. dxc5 Ne7 22. e4 d4 23. Qb4 Rad8 24. Rae1 Kg7 25. e5 f5 26. Nf3 Qd5 27. Rd1 Qb3 28. Qd2 h6 29. Qf4 Nd5 30. Qh4 g5 31. Qh5 Bf7 32. Qh2 Ne7 33. Rfe1 Be6 34. Qh5 Bf7 35. Qh3 Be6 36. Rd2 Rhf8 37. Qh5 Bf7 38. Qh2 Be6 39. g4 Qb4 40. gxf5 Bxf5 41. e6 Qxc5 42. Qc7 Bg4 43. Ne5 Rc8 44. Qb7 Rb8 45. Nd7 Rxb7 46. Nxc5 1/2-1/2

[Event "Titled Tuesday intern op 27th Jun Late"]
[Site "Chess.com INT"]
[Date "2023.06.27"]
[Round "2"]
[White "Isajevsky, Anton"]
[Black "Suleymanli, Aydin Elshan"]
[Result "1-0"]
[WhiteElo "2403"]
[BlackElo "2586"]
[PlyCount "165"]
[EventDate "2023.06.27"]
[EventType "swiss (blitz)"]
[EventRounds "11"]
[EventCountry "USA"]
[SourceTitle "EXT 2024"]
[Source "ChessBase"]
[SourceDate "2023.10.10"]
[SourceVersion "1"]
[SourceVersionDate "2023.10.10"]
[SourceQuality "1"]

1. c4 e6 2. Nf3 d5 3. e3 Nf6 4. Nc3 a6 5. b3 Nc6 6. Bb2 d4 7. exd4 Nxd4 8. Nxd4 Qxd4 9. Be2 h5 10. 0-0 Qh4 11. d4 Bd6 12. h3 Qf4 13. g3 Qf5 14. Kg2 e5 15. Rh1 exd4 16. Qxd4 Bc5 17. Qf4 Qxf4 18. gxf4 Bf5 19. Rad1 0-0 20. Bf3 c6 21. Na4 Ba7 22. Bxf6 gxf6 23. Bxh5 b5 24. Nb2 Rfe8 25. Rhe1 Rxe1 26. Rxe1 Bc5 27. Bg4 Bc2 28. Rc1 Be4+ 29. Bf3 Bxf3+ 30. Kxf3 Ba3 31. Rc2 Rd8 32. cxb5 cxb5 33. Ke4 Kg7 34. Nd3 f5+ 35. Ke3 Rd6 36. Ne5 Bb4 37. Rc7 Rf6 38. Kf3 Ba5 39. Rb7 Bc3 40. Nd7 Rd6 41. Ne5 Rf6 42. Rc7 Bd4 43. Rd7 Bb2 44. Rc7 b4 45. Rc6 Bc3 46. Rxf6 Kxf6 47. Nd3 Ke6 48. Ke3 Kd5 49. f3 a5 50. Ke2 Bf6 51. Ke3 Bd8 52. Ne5 f6 53. Nd3 Bb6+ 54. Kd2 Kd4 55. h4 Bc7 56. h5 Bd6 57. h6 Bf8 58. h7 Bg7 59. Kc2 Ke3 60. Nc5 Kxf3 61. Ne6 Bh8 62. Nf8 Bg7 63. Ng6 Ke4 64. Kd2 Kd4 65. h8Q Bxh8 66. Nxh8 Ke4 67. Ng6 Kd4 68. Ke2 Kc3 69. Nh4 Kb2 70. Nxf5 Kxa2 71. Nd4 Ka3 72. Kd3 Kb2 73. Kc4 Kc1 74. Nc6 Kd2 75. Nxa5 Ke3 76. Kxb4 Kxf4 77. Nc4 Ke4 78. Kc5 f5 79. b4 f4 80. b5 f3 81. Nd2+ Ke3 82. Nxf3 Kxf3 83. b6 1-0

[Event "Titled Tuesday intern op 27th Jun Late"]
[Site "Chess.com INT"]
[Date "2023.06.27"]
[Round "7"]
[White "Ljubarov, Mark"]
[Black "Isajevsky, Anton"]
[Result "0-1"]
[WhiteElo "2281"]
[BlackElo "2403"]
[PlyCount "110"]
[EventDate "2023.06.27"]
[EventType "swiss (blitz)"]
[EventRounds "11"]
[EventCountry "USA"]
[SourceTitle "EXT 2024"]
[Source "ChessBase"]
[SourceDate "2023.10.10"]
[SourceVersion "1"]
[SourceVersionDate "2023.10.10"]
[SourceQuality "1"]

1. d4 d5 2. c4 e6 3. Nf3 Nf6 4. g3 Bb4+ 5. Bd2 Be7 6. Bg2 0-0 7. 0-0 Nbd7 8. Qc2 c6 9. b3 a5 10. a4 b6 11. Rd1 Ba6 12. Bf4 Rc8 13. Nbd2 Nh5 14. e4 Nxf4 15. gxf4 Bb4 16. Ne5 Nf6 17. Kh1 Bb7 18. Rg1 Bxd2 19. Qxd2 dxe4 20. Qe3 c5 21. Rad1 cxd4 22. Rxd4 Qc7 23. Rgd1 Rfd8 24. h3 h6 25. Ng4 Nxg4 26. hxg4 f5 27. Kh2 Rxd4 28. Rxd4 Rd8 29. Kg3 Rxd4 30. Qxd4 g5 31. Qe5 Qxe5 32. fxe5 f4+ 33. Kh2 Kf8 34. Kg1 Ke7 35. Kf1 f3 36. Bh3 Kd7 37. Ke1 Kc6 38. Kd2 Kc5 39. Kc3 Bc6 40. Bf1 Be8 41. Bh3 Bg6 42. Bf1 h5 43. Bh3 hxg4 44. Bxg4 Bf5 45. Bh5 g4 46. Be8 e3 47. fxe3 g3 48. e4 Bxe4 49. Bh5 g2 50. Bxf3 Bxf3 51. b4+ axb4+ 52. Kb3 g1Q 53. a5 bxa5 54. Ka4 Qa1+ 55. Kb3 Bd1# 0-1

[Event "Titled Tuesday intern op 20th Jun Late"]
[Site "Chess.com INT"]
[Date "2023.06.20"]
[Round "3"]
[White "Isajevsky, Anton"]
[Black "Silva Lucena, Cristian"]
[Result "1-0"]
[WhiteElo "2403"]
[BlackElo "2285"]
[PlyCount "117"]
[EventDate "2023.06.20"]
[EventType "swiss (blitz)"]
[EventRounds "11"]
[EventCountry "USA"]
[SourceTitle "EXT 2024"]
[Source "ChessBase"]
[SourceDate "2023.10.10"]
[SourceVersion "1"]
[SourceVersionDate "2023.10.10"]
[SourceQuality "1"]

1. c4 e5 2. g3 Nc6 3. Bg2 Bc5 4. Nc3 f5 5. d3 Nf6 6. Nf3 0-0 7. 0-0 d6 8. Na4 Bb6 9. Nxb6 axb6 10. e3 Qe8 11. b3 Qh5 12. Nd2 Qh6 13. Nb1 Qg6 14. Nc3 Ne7 15. f4 c6 16. Bb2 Ng4 17. Qd2 Qh6 18. h3 Nf6 19. a4 Qg6 20. Kh2 h5 21. Rae1 h4 22. Qf2 hxg3+ 23. Qxg3 Qxg3+ 24. Kxg3 Ng6 25. Ba3 Rd8 26. Bf3 Kf7 27. h4 Be6 28. h5 Ne7 29. e4 exf4+ 30. Kxf4 fxe4 31. Nxe4 Nxe4 32. Bxe4 Ng8 33. Kg5+ Nf6 34. Bg6+ Ke7 35. Bf5 Ra5 36. Rxe6+ Kf7 37. Rfe1 Rh8 38. Re7+ Kf8 39. Kf4 Rxh5 40. Bg6 Rh4+ 41. Kf3 Re5 42. R1xe5 dxe5 43. Rxb7+ c5 44. Rxb6 Nd7 45. Rb7 Ke7 46. Bxc5+ Ke6 47. Be3 Rh3+ 48. Ke2 Nf6 49. Be4 Rh2+ 50. Kd1 Nxe4 51. dxe4 Rb2 52. Kc1 Re2 53. Bd2 Rxe4 54. Rxg7 Rh4 55. Rg3 e4 56. Kc2 Ke5 57. a5 Rh6 58. Rg5+ Kd4 59. Rd5# 1-0

[Event "Titled Tuesday intern op 30th May Late"]
[Site "Chess.com INT"]
[Date "2023.05.30"]
[Round "3"]
[White "Isajevsky, Anton"]
[Black "Durarbayli, Vasif"]
[Result "0-1"]
[WhiteElo "2403"]
[BlackElo "2627"]
[PlyCount "60"]
[EventDate "2023.05.30"]
[EventType "swiss (blitz)"]
[EventRounds "11"]
[EventCountry "USA"]
[SourceTitle "CBM 214 Extra"]
[Source "ChessBase"]
[SourceDate "2023.07.31"]
[SourceVersion "1"]
[SourceVersionDate "2023.07.31"]
[SourceQuality "1"]

1. c4 c5 2. Nc3 Nf6 3. Nf3 e6 4. g3 b6 5. Bg2 Bb7 6. 0-0 Be7 7. Re1 d6 8. e4 a6 9. d3 Nbd7 10. Ng5 Qc7 11. f4 Bc6 12. Nh3 b5 13. g4 b4 14. Nb1 h6 15. Nd2 a5 16. Nf2 g5 17. Nf3 gxf4 18. Bxf4 Ne5 19. h3 Nfd7 20. Nh1 h5 21. Nxe5 dxe5 22. Be3 hxg4 23. hxg4 0-0-0 24. Ng3 Bh4 25. Bf2 Rdg8 26. Bf3 Qb7 27. Kg2 f5 28. exf5 exf5 29. gxf5 Rxg3+ 30. Bxg3 Rg8 0-1

[Event "Titled Tuesday intern op 30th May Late"]
[Site "Chess.com INT"]
[Date "2023.05.30"]
[Round "9"]
[White "Isajevsky, Anton"]
[Black "Estrada Nieto, Julian"]
[Result "0-1"]
[WhiteElo "2403"]
[BlackElo "2215"]
[PlyCount "74"]
[EventDate "2023.05.30"]
[EventType "swiss (blitz)"]
[EventRounds "11"]
[EventCountry "USA"]
[SourceTitle "CBM 214 Extra"]
[Source "ChessBase"]
[SourceDate "2023.07.31"]
[SourceVersion "1"]
[SourceVersionDate "2023.07.31"]
[SourceQuality "1"]

1. c4 e5 2. g3 Nf6 3. Bg2 d5 4. cxd5 Nxd5 5. Nf3 Nc6 6. 0-0 Be7 7. d4 e4 8. Ne5 Nf6 9. Nxc6 bxc6 10. Nc3 Bf5 11. Bg5 0-0 12. e3 Rb8 13. Qc2 Nd5 14. Bxe7 Qxe7 15. Bxe4 Bxe4 16. Nxe4 Nb4 17. Qb1 f5 18. Nc3 Nd5 19. Qc2 Qe6 20. Nxd5 cxd5 21. Rac1 f4 22. exf4 Rxf4 23. Qxc7 Rbf8 24. Qe5 Qg4 25. Qxd5+ Kh8 26. Rc2 h6 27. Qg2 Rf3 28. h3 Qxd4 29. Kh2 a5 30. Kg1 a4 31. b3 a3 32. Kh2 Qd3 33. Rcc1 Qe2 34. Kg1 Qxa2 35. g4 Qxb3 36. g5 hxg5 37. Qxg5 Rxh3 0-1

[Event "Titled Tuesday intern op 23rd May Early"]
[Site "Chess.com INT"]
[Date "2023.05.23"]
[Round "2"]
[White "Isajevsky, Anton"]
[Black "Hakobyan, Aram"]
[Result "1-0"]
[WhiteElo "2403"]
[BlackElo "2608"]
[PlyCount "153"]
[EventDate "2023.05.23"]
[EventType "swiss (blitz)"]
[EventRounds "11"]
[EventCountry "USA"]
[SourceTitle "CBM 214 Extra"]
[Source "ChessBase"]
[SourceDate "2023.07.31"]
[SourceVersion "1"]
[SourceVersionDate "2023.07.31"]
[SourceQuality "1"]

1. c4 Nf6 2. Nf3 e6 3. Nc3 d5 4. e3 c6 5. b3 Bd6 6. Qc2 e5 7. cxd5 cxd5 8. Nb5 Nc6 9. Nxd6+ Qxd6 10. Bb5 0-0 11. Bxc6 bxc6 12. Bb2 e4 13. Ne5 Bb7 14. Rc1 Rfe8 15. f4 exf3 16. Nxf3 Nd7 17. 0-0 f6 18. Nd4 Ne5 19. Nf5 Qd7 20. Bxe5 Rxe5 21. Nd4 Rc8 22. Qc5 Ba8 23. Rc3 Rd8 24. Rfc1 h5 25. Nxc6 Bxc6 26. Qxc6 d4 27. Qxd7 Rxd7 28. Rc7 Rxc7 29. Rxc7 dxe3 30. dxe3 a5 31. Kf2 Kh7 32. Kf3 Kg6 33. h4 Rf5+ 34. Ke2 Re5 35. g3 Re4 36. Ra7 Re5 37. Kf3 Rc5 38. a4 Rc3 39. Rb7 Rc1 40. Rb5 Rb1 41. Rxa5 Rxb3 42. Rb5 Ra3 43. a5 Kh6 44. Kf4 Ra4+ 45. e4 Kg6 46. Rc5 Ra3 47. Rf5 Ra1 48. Rd5 Ra3 49. Rb5 Ra4 50. Kf3 Ra3+ 51. Kf2 Kf7 52. e5 fxe5 53. Rxe5 g6 54. Rg5 Kf6 55. Ke2 Kf7 56. Kd2 Kf6 57. Kc2 Kf7 58. Kb2 Ra4 59. Kb3 Ra1 60. Kb4 Kf6 61. Kb5 Rb1+ 62. Kc6 Rc1+ 63. Kb6 Rb1+ 64. Kc7 Ra1 65. Kb6 Rb1+ 66. Ka7 Ra1 67. a6 Rb1 68. Ka8 Rb3 69. a7 Kf7 70. Rc5 Ke7 71. Rc8 Kd7 72. Rb8 Rxg3 73. Kb7 Rb3+ 74. Ka6 Ra3+ 75. Kb6 Rb3+ 76. Kc5 Rc3+ 77. Kd4 1-0

[Event "Titled Tuesday intern op 23rd May Early"]
[Site "Chess.com INT"]
[Date "2023.05.23"]
[Round "1"]
[White "Isajevsky, Anton"]
[Black "Li, Hui"]
[Result "1-0"]
[WhiteElo "2403"]
[BlackElo "1963"]
[PlyCount "39"]
[EventDate "2023.05.23"]
[EventType "swiss (blitz)"]
[EventRounds "11"]
[EventCountry "USA"]
[SourceTitle "CBM 214 Extra"]
[Source "ChessBase"]
[SourceDate "2023.07.31"]
[SourceVersion "1"]
[SourceVersionDate "2023.07.31"]
[SourceQuality "1"]

1. c4 e6 2. Nf3 d5 3. e3 Nf6 4. Nc3 b6 5. b3 Bb7 6. Bb2 Be7 7. cxd5 exd5 8. g3 0-0 9. Bg2 c5 10. 0-0 d4 11. exd4 cxd4 12. Nb5 d3 13. Rc1 Bc5 14. b4 Bxb4 15. Nc7 Nbd7 16. Nxa8 Qxa8 17. Nh4 Bxg2 18. Nxg2 Ne4 19. Qg4 Re8 20. Qxg7# 1-0

[Event "Titled Tuesday intern op 23rd May Early"]
[Site "Chess.com INT"]
[Date "2023.05.23"]
[Round "3"]
[White "Strybuk, Artsiom I"]
[Black "Isajevsky, Anton"]
[Result "1-0"]
[WhiteElo "2378"]
[BlackElo "2403"]
[PlyCount "73"]
[EventDate "2023.05.23"]
[EventType "swiss (blitz)"]
[EventRounds "11"]
[EventCountry "USA"]
[SourceTitle "CBM 214 Extra"]
[Source "ChessBase"]
[SourceDate "2023.07.31"]
[SourceVersion "1"]
[SourceVersionDate "2023.07.31"]
[SourceQuality "1"]

1. d4 d5 2. c4 e6 3. Nf3 Nf6 4. g3 Bb4+ 5. Nbd2 0-0 6. Bg2 a5 7. 0-0 a4 8. Nb1 Nc6 9. a3 Be7 10. Nc3 dxc4 11. Nxa4 Na5 12. Nc3 Nb3 13. Rb1 c5 14. dxc5 Qa5 15. Nd2 Nxd2 16. Bxd2 Qxc5 17. Be3 Qh5 18. Qd4 e5 19. Qxc4 Ng4 20. h4 Nxe3 21. fxe3 Be6 22. Qe4 Rab8 23. Rbd1 Bc5 24. b4 Bb6 25. Na4 Ba7 26. Bf3 Qh6 27. Nc5 Bxc5 28. bxc5 f6 29. Rd6 Bf7 30. Rfd1 Rfc8 31. Rc1 Bg6 32. Qd5+ Bf7 33. Qd3 Bg6 34. Qb3+ Bf7 35. Qc3 Qg6 36. Kf2 Qf5 37. Qd3 1-0